BTS Toutes les musiques - Statistiques

Statistiques générales
  • Ce quiz a été pris 3 290 fois
    1 109 depuis la dernière actualisation
  • Le résultat moyen est 70 sur 149
Statistiques - réponses
Albums Réponse % Correct
Butter Butter
92%
N.O
89%
Dynamite
88%
Run
84%
Boy with luv
83%
On
81%
No more dream
80%
Boy in luv
79%
Fake love
78%
DNA
76%
Permission to dance
75%
Idol
73%
Blood sweat and tears
72%
Fire
72%
Love
72%
Danger
71%
Black swan
70%
Mic drop
70%
Euphoria
69%
Run Bts
69%
Spring Day
68%
BE Life goes on
67%
Save me
67%
Wings
67%
I need U
66%
Dope
64%
Go go
64%
You Never Walk Alone Not Today
63%
Airplane Pt.2
62%
Anpanman
62%
Home
61%
War of hormone
61%
Young Forever
61%
Mikrokosmos
60%
Love Yourself Serendipity
60%
Butterfly
59%
Just One day
59%
Pied piper
59%
Epiphany
58%
Lie
58%
We are bulletproof Pt.2
58%
Dionysus
57%
Stay
57%
Coffee
56%
Jump
56%
Filter
55%
Magic shop
55%
Singularity
55%
Baepsae/Silver Spoon
54%
Friends
54%
Like
54%
Map Of The Soul Persona
54%
Ugh !
54%
Dimple
53%
Tear
53%
House of cards
52%
Make it right
52%
I'm fine
51%
We Are Bulletproof : The Eternal
51%
Proof Yet to come
51%
Begin
50%
Cypher Pt.3
50%
Attack on Bangtan
49%
Ego
49%
My time
49%
So what
49%
Tomorrow
49%
Disease
48%
Louder than bombs
48%
00:00
47%
Cypher Pt.2
47%
Cypher Pt.4
47%
Her
47%
Love maze
47%
Seesaw
47%
Stigma
47%
21st Century girl
46%
Best of me
46%
Blue and grey
46%
Mama
46%
Moon
46%
Telepathy
46%
Stay gold
45%
The truth untold
45%
Awake
44%
Crystal snow
44%
Cypher Pt.1
44%
Born singer
43%
Jamais vu
43%
Shadow
43%
134340
42%
Boyz with fun
42%
For you
42%
Just dance
42%
Love myself
42%
Wings Boy meets evil
41%
First love
41%
Ma City
41%
Rain
41%
Film out
40%
Autumn leaves/ Dead leaves
39%
Converse High
39%
Fly to my room
39%
Light
39%
Spine Breaker
39%
You Never Walk Alone
39%
Inner child
38%
Whalien 52
38%
2!3!
37%
2 Cool 4 Skool 2 Cool 4 Skool
37%
Paradise
37%
Lost
36%
Let me know
35%
Don't leave me
34%
Am I wrong
33%
Respect
33%
Hold me tight
32%
Reflection
32%
Let go
31%
O!RUL82 O!RUL82
31%
Skool Luv Affair Skool luv affair
31%
We on
31%
For youth
30%
The Most Beautiful Moment In Life / Young Forever The Most Beautiful Moment In Life
29%
Your eyes tell
29%
Hip hop phile/Hip hop lover
28%
Sea
28%
If I ruled the world
27%
Love is not over
27%
24/7 = Heaven
26%
Look here
25%
Moving On
25%
Miss Right
24%
Youth
21%
Luv in Skool
20%
Propose
20%
Embarassed/Blanket kick
19%
Never mind
18%
Good Day
17%
Wake up
16%
Dark & Wild What am I to you
16%
Path
15%
Japonais The stars
15%
2nd Grade
13%
Crack
13%
Can you Turn Off Your Phone
11%
Do you think it makes sense ?
11%
Where are you from
11%
Satoori rap
7%
Aucun quiz correspondant
Distribution des résultats
% des personnes avec chaque résultat
Percentile par nombre de réponses
Votre historique - résultats
Vous n’avez pas pris ce quiz depuis la dernière actualisation